Entrepreneurship and Small Scale Industries (Record no. 3458)

MARC details
005 - DATE AND TIME OF LATEST TRANSACTION
control field 20250610080601.0
020 ## - INTERNATIONAL STANDARD BOOK NUMBER
International Standard Book Number 978-93-5084-026-9
082 ## - DEWEY DECIMAL CLASSIFICATION NUMBER
Classification number 338.4 PAT
100 ## - MAIN ENTRY--PERSONAL NAME
Author name PATHAK,R.
245 ## - TITLE STATEMENT
Title Entrepreneurship and Small Scale Industries
260 ## - PUBLICATION, DISTRIBUTION, ETC.
Place of publication, distribution, etc. New Delhi
Name of publisher, distributor, etc. Centrum Press
Date of publication, distribution, etc. 2013
300 ## - PHYSICAL DESCRIPTION
Extent vii,304p.
Other physical details index & bibliography
Dimensions 21cm
942 ## - ADDED ENTRY ELEMENTS (KOHA)
Source of classification or shelving scheme Dewey Decimal Classification
Koha item type Books
Holdings
Date last seen Total checkouts Full call number Barcode Cost, replacement price Price effective from Koha item type Lost status Source of classification or shelving scheme Damaged status Not for loan Withdrawn status Home library Current library Shelving location Date acquired Cost, normal purchase price
06/08/2025   338.4 PAT DOM0001808 43200.00 06/08/2025 Books   Dewey Decimal Classification       CBE Dodoma CBE Dodoma Special Reserve Collection 10/24/2017 14400.00